Kĩ thuật môi trường

Uloženo v:
Podrobná bibliografie
Hlavní autor: Tăng Văn Đoàn
Médium: Kniha
Jazyk:Undetermined
Vydáno: Hà Nội Giáo Dục 2001
Témata:
Tagy: Přidat tag
Žádné tagy, Buďte první, kdo otaguje tento záznam!
Thư viện lưu trữ: Trung tâm Học liệu Trường Đại học Cần Thơ
LEADER 00549nam a2200193Ia 4500
001 CTU_43608
008 210402s9999 xx 000 0 und d
020 |b 12.500đ 
082 |a 628 
082 |b Đ406 
100 |a Tăng Văn Đoàn 
245 0 |a Kĩ thuật môi trường 
245 0 |c Tăng Văn Đoàn, Trần Đức Hạ 
260 |a Hà Nội 
260 |b Giáo Dục 
260 |c 2001 
650 |a environmental engineering 
904 |i Minh, 010920 
980 |a Trung tâm Học liệu Trường Đại học Cần Thơ